000 00852nam a2200253 i 4500
001 186366
003 SpMaBN
005 20230906222645.0
008 161031s1986 sp |||| |dspa d
020 _a84-395-0164-1
080 _a840-96"19"
100 1 _aCioran, E. M.
_938864
245 1 3 _aLa caída en el tiempo /
_cE.M. Cioran ; [traducción de Esther Seligson].
250 _a1ª ed. en esta colección.
260 _aBarcelona :
_bPlaneta-Agostini,
_c1986.
300 _aX, 148 p. ;
_c19 cm.
490 1 _aObras maestras del pensamiento contemporáneo ;
_v72
500 _aCronología.
504 _aBibliografía: p. IX-X.
700 1 _aSeligson, Esther.
_9105310
830 0 _aObras maestras del pensamiento contemporáneo ;
_v72
_9192536
852 _aES-MaACL
_jL-30733
_z. - Donat. Miguel A. Velasco
999 _c186366
_d186366